[Event "Hyderabad op 1st"]
[Site "Hyderabad"]
[Date "2006.03.03"]
[Round "8"]
[White "Sandeep, Yalamanchili"]
[Black "Ramesh, Ramachandran B"]
[Result "0-1"]
[WhiteElo "2223"]
[BlackElo "2491"]
[PlyCount "106"]
[EventDate "2006.02.25"]
[EventType "swiss"]
[EventRounds "10"]
[EventCountry "IND"]
[SourceTitle "CBM 111 Extra"]
[Source "ChessBase"]
[SourceDate "2006.05.09"]
[SourceVersion "1"]
[SourceVersionDate "2006.05.09"]
[SourceQuality "1"]

1. d4 Nf6 2. Nf3 d5 3. c4 e6 4. Nc3 c6 5. e3 Nbd7 6. Qc2 Bd6 7. g4 dxc4 8. Bxc4 Nd5 9. Bd2 b6 10. e4 Nb4 11. Qb3 0-0 12. a3 Na6 13. e5 Be7 14. Bd3 Nac5 15. Bxh7+ Kxh7 16. Qc2+ Kg8 17. dxc5 Nxc5 18. 0-0-0 Nd3+ 19. Kb1 c5 20. Bg5 c4 21. Ne4 Bb7 22. Bxe7 Qxe7 23. Nfg5 Bxe4 24. Nxe4 Nxe5 25. g5 Rfd8 26. Rhg1 Rxd1+ 27. Qxd1 Qd8 28. Nd6 Nd3 29. Qf3 Ne5 30. Qe4 Ng6 31. h4 Rb8 32. Nxc4 Qd5 33. Qxd5 exd5 34. h5 dxc4 35. hxg6 fxg6 36. Rd1 Rf8 37. Rd7 Rf7 38. Rd2 b5 39. Kc2 Rf3 40. Rd8+ Kh7 41. Rd7 Rxf2+ 42. Kc3 Rf3+ 43. Kc2 a5 44. Rd5 Rf5 45. Rd4 Rxg5 46. a4 bxa4 47. Rxc4 Rd5 48. Rh4+ Kg8 49. Rxa4 g5 50. b4 axb4 51. Rxb4 Kh7 52. Kc3 Kg6 53. Rb1 g4 0-1

[Event "Hyderabad op 1st"]
[Site "Hyderabad"]
[Date "2006.02.28"]
[Round "5"]
[White "Suvrajit, Saha"]
[Black "Sandeep, Yalamanchili"]
[Result "1-0"]
[WhiteElo "2394"]
[BlackElo "2223"]
[PlyCount "117"]
[EventDate "2006.02.25"]
[EventType "swiss"]
[EventRounds "10"]
[EventCountry "IND"]
[SourceTitle "CBM 111 Extra"]
[Source "ChessBase"]
[SourceDate "2006.05.09"]
[SourceVersion "1"]
[SourceVersionDate "2006.05.09"]
[SourceQuality "1"]

1. Nf3 c5 2. c4 g6 3. d4 cxd4 4. Qxd4 Nf6 5. Nc3 Bg7 6. g3 Nc6 7. Qd1 Qa5 8. Bd2 Qc5 9. Rc1 Ng4 10. e3 0-0 11. h3 Nge5 12. Nxe5 Nxe5 13. Nd5 a5 14. b4 Qd6 15. bxa5 Nc6 16. Bg2 e6 17. Bb4 Qe5 18. Bd6 Qf5 19. g4 Qg5 20. h4 Qd8 21. Nb6 Rxa5 22. Bxf8 Bxf8 23. Nxc8 Bb4+ 24. Kf1 Qxc8 25. h5 Rxa2 26. hxg6 fxg6 27. Bxc6 Qxc6 28. Rh3 Ba3 29. Qb3 Bxc1 30. Qxa2 b5 31. cxb5 Qxb5+ 32. Kg1 Qc6 33. Qb1 Ba3 34. Qb8+ Bf8 35. Qf4 Bd6 36. Qf6 Qa4 37. Qd8+ Kg7 38. Qg5 Qd1+ 39. Kg2 Qd5+ 40. Qxd5 exd5 41. Rh1 g5 42. Rd1 Be7 43. Rxd5 d6 44. Rf5 Kg6 45. Rf3 Bf6 46. Kf1 Be5 47. Ke2 h5 48. gxh5+ Kxh5 49. Kd3 g4 50. Rf8 Kh4 51. Ke4 Kh3 52. f4 Bc3 53. Rc8 Bb2 54. Rg8 Kg3 55. Rg6 Bc1 56. Rxd6 Kf2 57. Rc6 Ba3 58. Rc2+ Kg3 59. f5 1-0

[Event "Hyderabad op 1st"]
[Site "Hyderabad"]
[Date "2006.02.26"]
[Round "2"]
[White "Sandeep, Yalamanchili"]
[Black "Megaranto, Susanto"]
[Result "0-1"]
[WhiteElo "2223"]
[BlackElo "2539"]
[PlyCount "102"]
[EventDate "2006.02.25"]
[EventType "swiss"]
[EventRounds "10"]
[EventCountry "IND"]
[SourceTitle "CBM 111 Extra"]
[Source "ChessBase"]
[SourceDate "2006.05.09"]
[SourceVersion "1"]
[SourceVersionDate "2006.05.09"]
[SourceQuality "1"]

1. d4 e6 2. Nf3 Nf6 3. c4 b6 4. g3 Bb7 5. Bg2 Be7 6. 0-0 0-0 7. Nc3 Ne4 8. Qc2 Nxc3 9. Qxc3 f5 10. b3 Bf6 11. Bb2 Nc6 12. Rfd1 Ne7 13. Ne1 Bxg2 14. Nxg2 g5 15. Qc2 Ng6 16. e4 f4 17. e5 Bg7 18. Qe4 Qe7 19. a4 Qf7 20. Ba3 Rfc8 21. Bb2 d5 22. exd6 cxd6 23. a5 Rab8 24. Qd3 d5 25. a6 Rd8 26. Qf3 Qf5 27. Ne1 Rd7 28. Rac1 dxc4 29. bxc4 Rbd8 30. g4 Qf7 31. Qe4 Nh4 32. Rd3 Qg6 33. Qxg6 hxg6 34. Nc2 e5 35. d5 e4 36. Rb3 Nf3+ 37. Kg2 Nd2 38. Rb4 Bxb2 39. Rxb2 Nxc4 40. Rb4 Nd2 41. Nd4 Rxd5 42. Nb5 f3+ 43. Kg3 Rc5 44. Rd1 e3 45. fxe3 Ne4+ 46. Rxe4 Rxd1 47. Nd4 Kf7 48. Nxf3 b5 49. Rb4 Rd3 50. Nd4 Rxe3+ 51. Kf2 Ra3 0-1

[Event "Wch U14"]
[Site "Belfort"]
[Date "2005.07.27"]
[Round "10"]
[White "Sandeep, Yalamanchili"]
[Black "Leniart, Arkadiusz"]
[Result "1-0"]
[WhiteElo "2189"]
[BlackElo "2269"]
[PlyCount "83"]
[EventDate "2005.07.??"]
[EventType "swiss"]
[EventRounds "11"]
[EventCountry "FRA"]
[SourceTitle "CBM 107 Extra"]
[Source "ChessBase"]
[SourceDate "2005.09.01"]
[SourceVersion "1"]
[SourceVersionDate "2005.09.01"]
[SourceQuality "1"]

1. Nf3 d5 2. g3 c6 3. Bg2 Bg4 4. d4 Nd7 5. 0-0 Ngf6 6. b3 e6 7. Bb2 Be7 8. c4 0-0 9. Nc3 a6 10. Nd2 b5 11. Re1 Qb8 12. Qc2 Ra7 13. e4 c5 14. exd5 cxd4 15. Nd1 Bf5 16. Ne4 Bxe4 17. Bxe4 e5 18. f3 Bc5 19. Nf2 bxc4 20. bxc4 Nxe4 21. fxe4 d3 22. Qd2 f5 23. exf5 Rxf5 24. Rf1 e4 25. Kg2 Rb7 26. Rab1 e3 27. Qc3 Rxb2 28. Rxb2 Qf8 29. Qxd3 exf2 30. Qe4 Ne5 31. Rb3 h5 32. h3 Qf6 33. Rb8+ Bf8 34. Rb2 Bc5 35. Rb8+ Kh7 36. Rc8 Nd7 37. g4 g6 38. gxf5 gxf5 39. Qf3 Qg5+ 40. Qg3 Qxg3+ 41. Kxg3 h4+ 42. Kg2 1-0

[Event "Wch U14"]
[Site "Belfort"]
[Date "2005.07.26"]
[Round "9"]
[White "Sandeep, Yalamanchili"]
[Black "Matlakov, Maxim"]
[Result "0-1"]
[WhiteElo "2189"]
[BlackElo "2399"]
[PlyCount "72"]
[EventDate "2005.07.??"]
[EventType "swiss"]
[EventRounds "11"]
[EventCountry "FRA"]
[SourceTitle "CBM 107 Extra"]
[Source "ChessBase"]
[SourceDate "2005.09.01"]
[SourceVersion "1"]
[SourceVersionDate "2005.09.01"]
[SourceQuality "1"]

1. Nf3 d5 2. g3 Nf6 3. Bg2 b5 4. d4 e6 5. 0-0 Bb7 6. Ne5 c5 7. c3 Nbd7 8. Bf4 Nxe5 9. dxe5 Nd7 10. e4 Nb6 11. Qe2 a6 12. Nd2 g5 13. exd5 gxf4 14. dxe6 Bxg2 15. exf7+ Kxf7 16. Qh5+ Kg8 17. Qg4+ Bg7 18. Qe6+ Kf8 19. Qf5+ Ke8 20. Qh5+ Kd7 21. Kxg2 Kc7 22. Rad1 Qe8 23. Qg4 Qc6+ 24. Kg1 Bh6 25. Nb3 Nc4 26. e6 fxg3 27. hxg3 Kb6 28. Qh5 Bf4 29. Rd5 Bd6 30. Rfd1 Rae8 31. Qh3 Bf8 32. Rd8 Rxe6 33. Rb8+ Ka7 34. Rbd8 Ne5 35. Na5 Qe4 36. Qg2 Nf3+ 0-1

[Event "Wch U20 43rd"]
[Site "Cochin"]
[Date "2004.11.26"]
[Round "10"]
[White "Sandeep, Yalamanchili"]
[Black "Mishra, Soumyaranjan"]
[Result "1-0"]
[WhiteElo "2138"]
[BlackElo "2299"]
[PlyCount "99"]
[EventDate "2004.11.20"]
[EventType "swiss"]
[EventRounds "13"]
[EventCountry "IND"]
[SourceTitle "CBM 103 Extra"]
[Source "ChessBase"]
[SourceDate "2005.01.01"]
[SourceVersion "1"]
[SourceVersionDate "2005.01.01"]
[SourceQuality "1"]

1. d4 Nf6 2. Nf3 e6 3. g3 Be7 4. Bg2 0-0 5. 0-0 d5 6. c4 c5 7. cxd5 Nxd5 8. dxc5 Bxc5 9. a3 Nc6 10. Qc2 Bb6 11. Nbd2 Qe7 12. b4 Bd7 13. Bb2 Rac8 14. Nc4 Bc7 15. Qb3 Rfd8 16. Rac1 Be8 17. Rfd1 a6 18. e3 h6 19. Bf1 Nf6 20. Bg2 e5 21. Qa2 Bd7 22. Qa1 Re8 23. h3 Bf5 24. g4 Be4 25. Ncxe5 Nxe5 26. Nxe5 Bxg2 27. Kxg2 Bxe5 28. Rxc8 Rxc8 29. Bxe5 Ne4 30. Qd4 Ng5 31. Bxg7 Rc2 32. Be5 Ne6 33. Qe4 Ra2 34. Rd3 Ng5 35. Qf4 Qe8 36. Qf6 Rxf2+ 37. Qxf2 Qxe5 38. Qf4 Qb2+ 39. Kg3 Ne6 40. Qxh6 Qe2 41. Rd7 Qe1+ 42. Kf3 Qf1+ 43. Ke4 Qb5 44. Rd1 Qc6+ 45. Ke5 Qc7+ 46. Kf6 Qc3+ 47. Ke7 Qc8 48. g5 Qc7+ 49. Rd7 Qe5 50. Qf6 1-0

[Event "Wch U20 43rd"]
[Site "Cochin"]
[Date "2004.11.24"]
[Round "8"]
[White "Sandeep, Yalamanchili"]
[Black "Ruijgrok, Dennis"]
[Result "1-0"]
[WhiteElo "2138"]
[BlackElo "2255"]
[PlyCount "63"]
[EventDate "2004.11.20"]
[EventType "swiss"]
[EventRounds "13"]
[EventCountry "IND"]
[SourceTitle "CBM 103 Extra"]
[Source "ChessBase"]
[SourceDate "2005.01.01"]
[SourceVersion "1"]
[SourceVersionDate "2005.01.01"]
[SourceQuality "1"]

1. d4 d5 2. Nf3 Nf6 3. g3 c6 4. Bg2 Bg4 5. 0-0 e6 6. c4 Nbd7 7. b3 Be7 8. Bb2 0-0 9. Nc3 Bh5 10. Nd2 Rc8 11. Rc1 a6 12. a3 b5 13. c5 e5 14. dxe5 Ng4 15. b4 Ngxe5 16. Qe1 Re8 17. f4 Ng4 18. Nd1 Bf6 19. Bxf6 Qxf6 20. h3 Nh6 21. g4 Bxg4 22. hxg4 Nxg4 23. Rc3 Re7 24. Rd3 Rce8 25. Qg3 h5 26. e4 Qg6 27. Nf2 Ndf6 28. e5 Nd7 29. Nxg4 hxg4 30. Nb3 f5 31. Nd4 Nf8 32. Nxc6 1-0

[Event "Wch U20 43rd"]
[Site "Cochin"]
[Date "2004.11.23"]
[Round "7"]
[White "Jaiswal, Puneet"]
[Black "Sandeep, Yalamanchili"]
[Result "1/2-1/2"]
[WhiteElo "2212"]
[BlackElo "2138"]
[PlyCount "87"]
[EventDate "2004.11.20"]
[EventType "swiss"]
[EventRounds "13"]
[EventCountry "IND"]
[SourceTitle "CBM 103 Extra"]
[Source "ChessBase"]
[SourceDate "2005.01.01"]
[SourceVersion "1"]
[SourceVersionDate "2005.01.01"]
[SourceQuality "1"]

1. d4 Nf6 2. c4 g6 3. Nc3 d5 4. cxd5 Nxd5 5. Na4 Nb6 6. e4 Bg7 7. Be3 0-0 8. Nf3 Bg4 9. Be2 Nc6 10. d5 Bxf3 11. gxf3 Nxa4 12. Qxa4 Bxb2 13. Rb1 Bc3+ 14. Kf1 Nb8 15. Qb3 Bg7 16. Qxb7 Nd7 17. Rc1 Rb8 18. Qxc7 Rb2 19. Qxd8 Rxd8 20. a4 Ra2 21. Bb5 Nb6 22. Rc7 Nxa4 23. Rxa7 Ra1+ 24. Kg2 Rxh1 25. Kxh1 Nc3 26. Bc6 Bf6 27. Bc5 Kf8 28. e5 Bh4 29. Ra8 Rxa8 30. Bxa8 Ne2 31. Bc6 Nf4 32. Kg1 Nd3 33. Bd4 f6 34. d6 Nxe5 35. dxe7+ Kxe7 36. Bb7 Bg5 37. Be3 Bxe3 38. fxe3 f5 39. Kf2 Kf6 40. h4 h6 41. f4 Nc4 42. Bd5 Nd6 43. Kf3 Nb5 44. Bc6 1/2-1/2

[Event "Wch U20 43rd"]
[Site "Cochin"]
[Date "2004.11.22"]
[Round "5"]
[White "Sandeep, Yalamanchili"]
[Black "Navin, Kanna TU"]
[Result "1/2-1/2"]
[WhiteElo "2138"]
[BlackElo "2058"]
[PlyCount "41"]
[EventDate "2004.11.20"]
[EventType "swiss"]
[EventRounds "13"]
[EventCountry "IND"]
[SourceTitle "CBM 103 Extra"]
[Source "ChessBase"]
[SourceDate "2005.01.01"]
[SourceVersion "1"]
[SourceVersionDate "2005.01.01"]
[SourceQuality "1"]

1. e4 e5 2. Nf3 Nc6 3. Bb5 a6 4. Ba4 Nf6 5. d3 b5 6. Bb3 Bc5 7. 0-0 Bb7 8. c3 d6 9. Re1 0-0 10. Nbd2 Bb6 11. Nf1 Ne7 12. Nh4 Nd7 13. Bg5 Kh8 14. Bxe7 Qxe7 15. Nf5 Qf6 16. N1e3 g6 17. Ng3 c6 18. Qd2 Nc5 19. Kh1 Nxb3 20. axb3 Qe6 21. b4 1/2-1/2

[Event "Wch U20 43rd"]
[Site "Cochin"]
[Date "2004.11.20"]
[Round "2"]
[White "Sandeep, Yalamanchili"]
[Black "Rohit, Gogineni"]
[Result "1/2-1/2"]
[WhiteElo "2138"]
[BlackElo "2281"]
[PlyCount "120"]
[EventDate "2004.11.20"]
[EventType "swiss"]
[EventRounds "13"]
[EventCountry "IND"]
[SourceTitle "CBM 103 Extra"]
[Source "ChessBase"]
[SourceDate "2005.01.01"]
[SourceVersion "1"]
[SourceVersionDate "2005.01.01"]
[SourceQuality "1"]

1. d4 d6 2. Nf3 Nd7 3. c4 e5 4. g3 c6 5. Nc3 Ngf6 6. Qc2 exd4 7. Nxd4 Nb6 8. e4 Be7 9. b3 d5 10. cxd5 cxd5 11. e5 Ne4 12. Bb5+ Kf8 13. 0-0 Bh3 14. Rd1 Rc8 15. Bd2 Qc7 16. Nxe4 Qxe5 17. Nc3 Qxd4 18. Qb2 Qf6 19. Rac1 h6 20. Be3 Kg8 21. Qd2 Bb4 22. Bd4 Qf3 23. Bf1 Bxf1 24. Rxf1 Kh7 25. Bxg7 Kxg7 26. Qd4+ f6 27. Qxb4 h5 28. Qe7+ Kh6 29. Nb5 Rhe8 30. Qd6 Rcd8 31. Qc5 h4 32. Rc3 Qg4 33. Nd6 Rf8 34. Qe3+ Kg6 35. Qe7 Qd7 36. Qxd7 Rxd7 37. Nb5 a6 38. Nd4 Re8 39. Rd1 Rde7 40. Kg2 hxg3 41. fxg3 Nd7 42. Rc7 Ne5 43. Rxe7 Rxe7 44. Nf3 Ng4 45. Rd2 f5 46. h3 Nf6 47. Nh4+ Kf7 48. Nxf5 Rc7 49. g4 Rc3 50. Ng3 Rxg3+ 51. Kxg3 Ne4+ 52. Kf4 Nxd2 53. Ke5 Nf3+ 54. Kxd5 Ke7 55. Kc5 Kd7 56. Kb6 Kc8 57. b4 Kb8 58. a4 Ne5 59. b5 axb5 60. Kxb5 Nf3 1/2-1/2

[Event "Wch U12"]
[Site "Heraklion"]
[Date "2004.11.10"]
[Round "7"]
[White "Ravi, Teja Sanka"]
[Black "Sandeep, Yalamanchili"]
[Result "1/2-1/2"]
[WhiteElo "2075"]
[BlackElo "2138"]
[PlyCount "110"]
[EventDate "2004.11.04"]
[EventType "swiss"]
[EventRounds "11"]
[EventCountry "GRE"]
[SourceTitle "EXT 2005"]
[Source "ChessBase"]
[SourceDate "2004.11.15"]
[SourceVersion "1"]
[SourceVersionDate "2004.11.15"]
[SourceQuality "1"]

1. d4 Nf6 2. c4 g6 3. Nc3 Bg7 4. e4 d6 5. Nf3 0-0 6. Be2 Nbd7 7. 0-0 e5 8. dxe5 dxe5 9. h3 c6 10. Be3 Qe7 11. Qc2 Re8 12. a3 a5 13. Na4 Nh5 14. Rfd1 Nf4 15. c5 Ne6 16. Qc3 f5 17. Bc4 Kh8 18. Bxe6 Qxe6 19. Ng5 Qg8 20. Qc2 f4 21. Bd2 Bf6 22. Nf3 g5 23. Nh2 h5 24. f3 Bd8 25. Bc3 Bc7 26. b4 axb4 27. axb4 Nf8 28. Nb6 Rxa1 29. Bxa1 Bxb6 30. cxb6 Nd7 31. Rd6 Kh7 32. b5 Qf8 33. Qd1 Nxb6 34. bxc6 Nc4 35. Rd3 bxc6 36. Nf1 Qc5+ 37. Kh1 Be6 38. Qc2 Ra8 39. Rd1 Qa3 40. Bc3 Qe7 41. Ra1 Rb8 42. Qf2 Rb7 43. Nd2 Ne3 44. Nf1 Qc5 45. Bd2 Rb3 46. Re1 Rb2 47. Bxe3 Qxe3 48. Qxe3 fxe3 49. Nxe3 Rb3 50. Kg1 c5 51. Kf2 Kg6 52. Rc1 Rb2+ 53. Kf1 Rb5 54. Ke2 Rb2+ 55. Kf1 Rb5 1/2-1/2

[Event "Wch U12"]
[Site "Heraklion"]
[Date "2004.11.10"]
[Round "8"]
[White "Sandeep, Yalamanchili"]
[Black "Shimanov, Aleksandr"]
[Result "0-1"]
[WhiteElo "2138"]
[BlackElo "2234"]
[PlyCount "98"]
[EventDate "2004.11.04"]
[EventType "swiss"]
[EventRounds "11"]
[EventCountry "GRE"]
[SourceTitle "EXT 2005"]
[Source "ChessBase"]
[SourceDate "2004.11.15"]
[SourceVersion "1"]
[SourceVersionDate "2004.11.15"]
[SourceQuality "1"]

1. d4 d5 2. Nf3 c6 3. g3 Nf6 4. Bg2 Bf5 5. 0-0 h6 6. c4 e6 7. b3 Be7 8. Bb2 0-0 9. Nbd2 a5 10. a3 b5 11. Ne5 Qb6 12. c5 Qc7 13. f3 Na6 14. e4 Bh7 15. Qe2 Qb7 16. Nd3 dxe4 17. fxe4 Nd7 18. e5 Nc7 19. Ne4 Bxe4 20. Bxe4 Nd5 21. Rae1 Rae8 22. Nf4 Bg5 23. Nh3 Bd8 24. Bc2 f6 25. exf6 N7xf6 26. Qd3 Qd7 27. Nf2 g5 28. Ne4 Nxe4 29. Qxe4 Rxf1+ 30. Rxf1 Qg7 31. Bd1 Bf6 32. Bg4 Kh8 33. Re1 Nc7 34. Qxc6 Bxd4+ 35. Bxd4 Qxd4+ 36. Kh1 Qd5+ 37. Qxd5 exd5 38. Rxe8+ Nxe8 39. Kg2 Kg7 40. Be2 b4 41. axb4 axb4 42. Bb5 Nc7 43. Be2 Kf6 44. Kf3 Ne6 45. Kg4 Nxc5 46. Bd1 d4 47. h4 Nd3 48. hxg5+ hxg5 49. Kf3 Nb2 0-1

[Event "Commonwealth-ch"]
[Site "Mumbai"]
[Date "2004.01.17"]
[Round "8"]
[White "Swati, Ghate"]
[Black "Sandeep, Yalamanchili"]
[Result "1-0"]
[WhiteElo "2297"]
[BlackElo "2115"]
[PlyCount "67"]
[EventDate "2004.01.10"]
[EventType "swiss"]
[EventRounds "9"]
[EventCountry "IND"]
[SourceTitle "EXT 2006"]
[Source "ChessBase"]
[SourceDate "2005.11.24"]
[SourceVersion "1"]
[SourceVersionDate "2005.11.24"]
[SourceQuality "1"]

1. e4 c5 2. Nf3 d6 3. Bb5+ Bd7 4. Bxd7+ Qxd7 5. c4 Nc6 6. 0-0 g6 7. d4 cxd4 8. Nxd4 Bg7 9. Be3 Nf6 10. f3 0-0 11. Nc3 Rfc8 12. Nde2 Qd8 13. Rc1 Nd7 14. Qd2 a6 15. b3 Rab8 16. Nd5 b5 17. cxb5 axb5 18. Bg5 f6 19. Be3 Kh8 20. Rc2 Nce5 21. Rfc1 Rxc2 22. Qxc2 Ra8 23. Nd4 Nf8 24. Nxb5 Ne6 25. a4 g5 26. Nbc7 Nxc7 27. Qxc7 e6 28. Nb6 Rb8 29. a5 Nd3 30. Qxd8+ Rxd8 31. Rc8 Rxc8 32. Nxc8 Nb4 33. Nxd6 Bf8 34. Nc8 1-0

[Event "Commonwealth-ch"]
[Site "Mumbai"]
[Date "2003.04.26"]
[Round "9"]
[White "Thipsay, Bagyashree Sathe"]
[Black "Sandeep, Yalamanchili"]
[Result "1-0"]
[WhiteElo "2237"]
[BlackElo "2068"]
[PlyCount "79"]
[EventDate "2003.04.20"]
[EventType "swiss"]
[EventRounds "10"]
[EventCountry "IND"]
[SourceTitle "CBM 093 Extra"]
[Source "ChessBase"]
[SourceDate "2003.05.09"]
[SourceVersion "1"]
[SourceVersionDate "2003.05.09"]
[SourceQuality "1"]

1. e4 c5 2. Nf3 d6 3. d4 cxd4 4. Nxd4 Nf6 5. Nc3 a6 6. Be2 e5 7. Nb3 Be7 8. 0-0 0-0 9. Kh1 b6 10. a4 Bb7 11. f3 Nc6 12. Bg5 Nb4 13. Nb1 Nh5 14. Bxe7 Qxe7 15. Qd2 Qh4 16. Kg1 Nf4 17. Rf2 Nc6 18. Na3 Qh6 19. Nc4 b5 20. Nb6 Nd4 21. Bf1 Nxb3 22. cxb3 Rad8 23. axb5 d5 24. Qa5 dxe4 25. bxa6 e3 26. Rc2 e2 27. Rxe2 Nxe2+ 28. Bxe2 Qe3+ 29. Kf1 Bc6 30. Nc4 Qxb3 31. Qa3 Qc2 32. a7 Ba8 33. Qa4 Qg6 34. b4 Qh6 35. h3 e4 36. Qa3 Qf4 37. Qe3 Qf6 38. Rc1 Rfe8 39. f4 Qe6 40. b5 1-0